<?xml version="1.0" encoding="UTF-8"?>
<record
    xmlns:xsi="http://www.w3.org/2001/XMLSchema-instance"
    xsi:schemaLocation="http://www.loc.gov/MARC21/slim http://www.loc.gov/standards/marcxml/schema/MARC21slim.xsd"
    xmlns="http://www.loc.gov/MARC21/slim">

  <leader>00411nam a22001697a 4500</leader>
  <controlfield tag="005">20180201163154.0</controlfield>
  <controlfield tag="008">160427b        xxu||||| |||| 00| 0 eng d</controlfield>
  <datafield tag="020" ind1=" " ind2=" ">
    <subfield code="a">978-81-7758-165-2</subfield>
  </datafield>
  <datafield tag="041" ind1=" " ind2=" ">
    <subfield code="a">eng</subfield>
  </datafield>
  <datafield tag="082" ind1=" " ind2=" ">
    <subfield code="b">00256</subfield>
    <subfield code="a">004.6</subfield>
  </datafield>
  <datafield tag="100" ind1=" " ind2=" ">
    <subfield code="a">Tanenbaum, Andrew S.</subfield>
    <subfield code="9">108</subfield>
  </datafield>
  <datafield tag="245" ind1=" " ind2=" ">
    <subfield code="a">Computer Networks</subfield>
  </datafield>
  <datafield tag="250" ind1=" " ind2=" ">
    <subfield code="a">4th ed.</subfield>
  </datafield>
  <datafield tag="260" ind1=" " ind2=" ">
    <subfield code="a">New Delhi</subfield>
    <subfield code="b">Pearson: Prantice Hall, </subfield>
    <subfield code="c">2009</subfield>
  </datafield>
  <datafield tag="300" ind1=" " ind2=" ">
    <subfield code="a">891</subfield>
  </datafield>
  <datafield tag="942" ind1=" " ind2=" ">
    <subfield code="c">BK</subfield>
  </datafield>
  <datafield tag="999" ind1=" " ind2=" ">
    <subfield code="c">87</subfield>
    <subfield code="d">87</subfield>
  </datafield>
  <datafield tag="952" ind1=" " ind2=" ">
    <subfield code="0">0</subfield>
    <subfield code="1">0</subfield>
    <subfield code="4">0</subfield>
    <subfield code="7">0</subfield>
    <subfield code="8">CS/IT</subfield>
    <subfield code="a">JRU</subfield>
    <subfield code="b">JRU</subfield>
    <subfield code="c">SHELF-49-G</subfield>
    <subfield code="d">2016-04-27</subfield>
    <subfield code="g">375.00</subfield>
    <subfield code="l">2</subfield>
    <subfield code="m">2</subfield>
    <subfield code="o">004.6</subfield>
    <subfield code="p">00256</subfield>
    <subfield code="r">2018-06-18 00:00:00</subfield>
    <subfield code="s">2018-05-15</subfield>
    <subfield code="w">2016-04-27</subfield>
    <subfield code="y">BK</subfield>
  </datafield>
  <datafield tag="952" ind1=" " ind2=" ">
    <subfield code="0">0</subfield>
    <subfield code="1">0</subfield>
    <subfield code="4">0</subfield>
    <subfield code="7">0</subfield>
    <subfield code="8">CS/IT</subfield>
    <subfield code="a">JRU</subfield>
    <subfield code="b">JRU</subfield>
    <subfield code="c">SHELF-49-G</subfield>
    <subfield code="d">2016-04-27</subfield>
    <subfield code="g">375.00</subfield>
    <subfield code="l">7</subfield>
    <subfield code="m">2</subfield>
    <subfield code="o">004.6</subfield>
    <subfield code="p">00257</subfield>
    <subfield code="r">2022-01-05 00:00:00</subfield>
    <subfield code="s">2020-03-03</subfield>
    <subfield code="w">2016-04-27</subfield>
    <subfield code="y">BK</subfield>
  </datafield>
  <datafield tag="952" ind1=" " ind2=" ">
    <subfield code="0">0</subfield>
    <subfield code="1">0</subfield>
    <subfield code="4">0</subfield>
    <subfield code="7">0</subfield>
    <subfield code="8">CS/IT</subfield>
    <subfield code="a">JRU</subfield>
    <subfield code="b">JRU</subfield>
    <subfield code="c">SHELF-49-G</subfield>
    <subfield code="d">2016-04-27</subfield>
    <subfield code="g">375.00</subfield>
    <subfield code="l">0</subfield>
    <subfield code="o">004.6</subfield>
    <subfield code="p">00258</subfield>
    <subfield code="r">2016-04-27 00:00:00</subfield>
    <subfield code="w">2016-04-27</subfield>
    <subfield code="y">BK</subfield>
  </datafield>
  <datafield tag="952" ind1=" " ind2=" ">
    <subfield code="0">0</subfield>
    <subfield code="1">0</subfield>
    <subfield code="4">0</subfield>
    <subfield code="7">0</subfield>
    <subfield code="8">CS/IT</subfield>
    <subfield code="a">JRU</subfield>
    <subfield code="c">SHELF-49-G</subfield>
    <subfield code="d">2016-04-27</subfield>
    <subfield code="g">375.00</subfield>
    <subfield code="l">4</subfield>
    <subfield code="o">004.6</subfield>
    <subfield code="p">00259</subfield>
    <subfield code="r">2019-02-04 00:00:00</subfield>
    <subfield code="s">2019-01-07</subfield>
    <subfield code="w">2016-04-27</subfield>
    <subfield code="y">BK</subfield>
  </datafield>
  <datafield tag="952" ind1=" " ind2=" ">
    <subfield code="0">0</subfield>
    <subfield code="1">0</subfield>
    <subfield code="4">0</subfield>
    <subfield code="7">0</subfield>
    <subfield code="8">CS/IT</subfield>
    <subfield code="a">JRU</subfield>
    <subfield code="b">JRU</subfield>
    <subfield code="c">SHELF-49-G</subfield>
    <subfield code="d">2016-04-27</subfield>
    <subfield code="g">375.00</subfield>
    <subfield code="l">2</subfield>
    <subfield code="o">004.6</subfield>
    <subfield code="p">00260</subfield>
    <subfield code="r">2024-04-02 14:26:35</subfield>
    <subfield code="s">2024-03-21</subfield>
    <subfield code="w">2016-04-27</subfield>
    <subfield code="y">BK</subfield>
  </datafield>
  <datafield tag="952" ind1=" " ind2=" ">
    <subfield code="0">0</subfield>
    <subfield code="1">0</subfield>
    <subfield code="4">0</subfield>
    <subfield code="7">0</subfield>
    <subfield code="a">JRU</subfield>
    <subfield code="c">SHELF-2-F</subfield>
    <subfield code="d">2016-04-27</subfield>
    <subfield code="g">375.00</subfield>
    <subfield code="l">5</subfield>
    <subfield code="m">1</subfield>
    <subfield code="o">00256</subfield>
    <subfield code="p">00261</subfield>
    <subfield code="q">2023-01-09</subfield>
    <subfield code="r">2022-12-24 00:00:00</subfield>
    <subfield code="s">2022-12-24</subfield>
    <subfield code="w">2016-04-27</subfield>
    <subfield code="y">BK</subfield>
  </datafield>
</record>
